000 00825nam a22002417a 4500
999 _c22491
_d22491
003 AR-CdUCM
008 190409b ||||| |||| 00| 0 spa d
020 _a9786124781216
040 _aMUNICIPALIDAD PROVINCIAL DEL CUSCO
_cBIBLIOTECA MUNICIPAL DEL CUSCO
082 _a305.420985/M22
_bM22
100 _aMannarelli, María Emma
_946320
245 _aLa domesticación de las mujeres :
_bpatriarcado y género en la historia peruana /
_cMariemma Manarelli
260 _aLima :
_bLa Siniestra Ensayos : Estación La Cultura,
_c2018.
300 _a207 páginas. :
_c23 cm.
500 _zBibliografía: p. 189-200.
650 _aFeminismo
_94003
650 _aPatriarcado
_917104
650 _aMujeres
_93760
650 _aHistoria
_948314
650 _aCondiciones sociales
_948315
942 _2ddc
_cLIBROS
945 _arac